| 000 | 01254nac a22003131u 4500 | ||
|---|---|---|---|
| 008 | 080915t xxu||||| |||| 00| 0 eng d | ||
| 010 | _a 2006021201 | ||
| 020 | _a0073529214 (hard copy : alk. paper) | ||
| 020 | _a9780073529219 (hard copy : alk. paper) | ||
| 020 | _a0071250840 (pbk.) | ||
| 020 | _a9780071250849 (pbk.) | ||
| 035 | _a(OCoLC)ocm63691383 | ||
| 035 | _a(OCoLC)63691383 | ||
| 082 | 0 | 0 |
_a621.4021 _bCEN |
| 100 | _aCengel, Yunus A. | ||
| 245 | 1 | 0 |
_aThermodynamics : _ban engineering approach / _cYunus A. Cengel, Michael A. Boles. |
| 250 | _a6th ed. | ||
| 260 |
_aBoston : _bMcGraw-Hill Higher Education, _cc2008. |
||
| 300 |
_axxxi, 1018 p. : _bill. ; _c27 cm. + _e1 DVD-ROM (4 3/4 in.). |
||
| 490 | 1 | _aMcGraw-Hill series in mechanical engineering | |
| 500 | _aIncludes CD | ||
| 504 | _aIncludes bibliographical references and index. | ||
| 650 | 0 | _aThermodynamics. | |
| 655 |
_92213 _aThermo-Fluid Mechanics (Mechanical)- year 1. _vtext book _xEngineering _ySemester 2. 2008/2009 |
||
| 700 | 1 | _aBoles, Michael A. | |
| 830 | 0 | _aMcGraw-Hill series in mechanical and aerospace engineering. | |
| 856 | 4 | 1 |
_3Table of contents only _uhttp://www.loc.gov/catdir/toc/ecip0616/2006021201.html |
| 942 |
_cTB _k621.4021CEN _2ddc |
||
| 999 |
_c4976 _d4976 |
||